000
00211 a2200097 4500
001
15059
100
_a
Gibbon Monk
245
_a
Western Germany
260
_a
London
_b
B T batsford ltd
_c
090
_c
11814
_d
11814
942
_a
NUST-CAE
_c
M
_c
2019
999
_c
250132
_d
250132